000
00324nam a2200121 a 4500
005
20140414131920.0
008
101022s19uu xx 00 eng d
050
_a
ER
_b
Ow4 1997
100
_a
Lear, Edward
245
_a
The owl and the pussy cat.
260
_a
Leicestershire, UK :
_b
Five mile press,
_c
1997.
999
_c
111703
_d
111703